| 000 | 00743nam a2200241 a 4500 | ||
|---|---|---|---|
| 001 | BRCA_2564 | ||
| 005 | 20190320203852.0 | ||
| 008 | 261108s1922----mx-a---###---#000-0#spa-# | ||
| 041 | _aspa | ||
| 044 | _amx | ||
| 050 | 4 |
_aNK4225 _b.V46 1 _c1922 |
|
| 100 | 1 |
_aVentosa, Enrique Luis _97335 |
|
| 245 | 1 | 0 |
_aCerámica _blibro para artistas _cEnrique Luis Ventosa ; prólogo de José López-Portillo y Rojas. |
| 260 |
_aPuebla, Puebla _bJ. M. Aguirre _c1922 |
||
| 300 |
_axvi, 152 p. _bil. _c22 cm. |
||
| 500 | _aEstado físico: Encuadernación intervenida | ||
| 500 | _aEjemplar igual a A101 | ||
| 500 | _aA39 | ||
| 650 | 1 | 4 |
_aCerámica _91200 |
| 700 | 1 |
_aLópez-Portillo y Rojas, José _eProloguista _97336 |
|
| 902 | _aGFM | ||
| 942 |
_2lcc _cB |
||
| 999 |
_c2304 _d2304 |
||